00367 a2200121 450000500170000002000180001708200150003524500520005025000120010226000460011430000300016061000550019020250320144711.0 a0 521 08203 X a513.22 CAM aThe School Mathematics Project: Advanced Tables a2nd Ed. aLondon,bCambridge University Pressc1971 a61p., ill., tables,c24cm tS.M.P. Advanced TablesaCAMBRIDGE University Press